|
|
|
|
| LEADER |
01059nam a22002297a 4500 |
| 001 |
AAL7342 |
| 003 |
BD-DhAAL |
| 005 |
20171021112354.0 |
| 008 |
171021s 2009 ||||| |||| 00| 0 d |
| 999 |
|
|
|c 38446
|d 38446
|
| 020 |
|
|
|a 9847008201819
|
| 040 |
|
|
|a BD-DhAAL
|c BD-DhAAL
|
| 082 |
|
|
|a 370/.95492
|
| 100 |
|
|
|a পাটোয়ারী, মমতাজউদ্দীন
|9 22543
|
| 245 |
|
|
|a বাংলাদেশের শিক্ষাব্যবস্থা ও পঠনপাঠন সমস্যা /
|c মমতাজউদ্দীন পাটোয়ারী
|
| 260 |
|
|
|a ঢাকা
|b অনিন্দ্য প্রকাশ,
|c ২০০৯
|
| 300 |
|
|
|a ১৯২ :
|b পৃ. ;
|c ২২ সে.মি.
|
| 541 |
|
|
|e 7342
|
| 650 |
|
|
|a Education --
|v Aims and objectives
|z Bangladesh
|9 22544
|
| 852 |
|
|
|a Savar Campus Library
|c General Shelf
|
| 942 |
|
|
|2 ddc
|c BK
|
| 952 |
|
|
|0 0
|1 0
|2 ddc
|4 0
|6 370_000000000000000__95492_PAT
|7 0
|9 61613
|a SCL
|b SCL
|c GEN
|d 2017-10-21
|g 225.00
|l 1
|o 370.95492 PAT
|p 3020007342
|r 2022-04-16
|s 2022-04-07
|t 1
|w 2017-10-21
|y BK
|